ARRUPE JESUIT UNIVERSITY

CORONAVIRUS -STOP THE SPREAD - CLEAN,DISINFECT,COVER

La philosophiee et l'africanite (Record no. 120596)

MARC details
000 -LEADER
fixed length control field 00566nam a22001697a 4500
008 - FIXED-LENGTH DATA ELEMENTS--GENERAL INFORMATION
fixed length control field 140603b xxu||||| |||| 00| 0 eng d
020 ## - INTERNATIONAL STANDARD BOOK NUMBER
International Standard Book Number 9782747545129
050 ## - LIBRARY OF CONGRESS CALL NUMBER
Classification number B5310. U96 2003
100 ## - MAIN ENTRY--PERSONAL NAME
Personal name Uwodi ,Monu M.
9 (RLIN) 10540
245 ## - TITLE STATEMENT
Title La philosophiee et l'africanite
Remainder of title critique d'un intelrctualisme ferme'
Statement of responsibility, etc Monu M.Uwodi
260 ## - PUBLICATION, DISTRIBUTION, ETC. (IMPRINT)
Place of publication, distribution, etc France
Name of publisher, distributor, etc L'Harmattan Hongrie
Date of publication, distribution, etc 2003
300 ## - PHYSICAL DESCRIPTION
Extent 251p.;
Dimensions 21cm.
650 ## - SUBJECT ADDED ENTRY--TOPICAL TERM
Topical term or geographic name as entry element Philosophy,Africa
9 (RLIN) 10541
650 ## - SUBJECT ADDED ENTRY--TOPICAL TERM
Topical term or geographic name as entry element Civilisation philosophy
Geographic subdivision Africa
9 (RLIN) 10542
650 ## - SUBJECT ADDED ENTRY--TOPICAL TERM
Topical term or geographic name as entry element Intelectual life
Geographic subdivision Africa
9 (RLIN) 10543
942 ## - ADDED ENTRY ELEMENTS (KOHA)
Source of classification or shelving scheme Library of Congress Classification
Item type Monograph ( Printed materials)
Holdings
Withdrawn status Lost status Source of classification or shelving scheme Damaged status Not for loan Collection code Home library Current library Shelving location Date acquired Total Checkouts Full call number Barcode Date last seen Date last borrowed Price effective from Koha item type
    Library of Congress Classification     Main Collection ARRUPE LIBRARY ARRUPE LIBRARY Main Collection 03/06/2014 1 B5310. U96 2003 46500000689 09/10/2018 14/09/2018 03/06/2014 Monograph ( Printed materials)

 

Arrupe Library. PO Box MP320 Mt Pleasant, Harare, Zimbabwe
263 242 745411|librarian@aju.ac.zw